000 00304nam a22001337a 4500
008 170328b xxu||||| |||| 00| 0 eng d
020 _a9780073138787
041 _aeng
080 _a615.83
100 _a8
101 _aSHM
245 _aCONCEPTS OF FITNESS AND WELLNESS
_cCORBIN, CH.B
942 _2udc
_cBK
999 _c8796
_d8796